21 & Over/ (Record no. 95423)

MARC details
000 -LEADER
fixed length control field 00612nji a22001937a 4500
005 - DATE AND TIME OF LATEST TRANSACTION
control field 20150803150740.0
007 - PHYSICAL DESCRIPTION FIXED FIELD--GENERAL INFORMATION
fixed length control field dpl
008 - FIXED-LENGTH DATA ELEMENTS--GENERAL INFORMATION
fixed length control field 150803b xxu||||| |||| 00| 0 eng d
010 ## - LIBRARY OF CONGRESS CONTROL NUMBER
LC control number DVD-008739
024 ## - OTHER STANDARD IDENTIFIER
Terms of availability 599.00
028 ## - PUBLISHER NUMBER
Source Anu Electronics
035 ## - SYSTEM CONTROL NUMBER
System control number DVD-008739
245 ## - TITLE STATEMENT
Title 21 & Over/
260 ## - PUBLICATION, DISTRIBUTION, ETC. (IMPRINT)
Place of publication, distribution, etc Delhi
Name of publisher, distributor, etc Anu Electronics
270 ## - ADDRESS
Address Shop No. 562, Old Lajpat Market, Chandni Chowk
City Delhi
Postal code 110006
300 ## - PHYSICAL DESCRIPTION
Extent 1 disc
942 ## - ADDED ENTRY ELEMENTS (KOHA)
Source of classification or shelving scheme Dewey Decimal Classification
Item type CD-ROMs, DVDs, VHS
Holdings
Withdrawn status Lost status Source of classification or shelving scheme Damaged status Not for loan Home library Current library Date acquired Source of acquisition Cost, normal purchase price Total Checkouts Barcode Date last seen Date last borrowed Copy number Cost, replacement price Price effective from Koha item type
    Dewey Decimal Classification     Central Library Central Library 17/12/2015 Anu Electrinics 599.00 3 DVD-008739 15/05/2017 05/05/2017 1 599.00 17/12/2015 CD-ROMs, DVDs, VHS

© Delhi Public Library
Hit Counter
free hit counter